| 000 | 007000000a22002170004500 | ||
|---|---|---|---|
| 003 | LK-CoMWRAF | ||
| 005 | 20240120175247.0 | ||
| 008 | 230817t2001 ||||| |||| 00| 0 eng d | ||
| 020 | _a9555820120 | ||
| 040 |
_aLK-CoMWRAF _dLK-CoMWRAF _eLK-CoMWRAF |
||
| 041 | _aeng | ||
| 082 |
_a305.89 _bALI |
||
| 100 | _aAli, Ameer | ||
| 245 | _aPlural identities and political choices of the muslim community | ||
| 260 |
_aColombo: _bMarga Institute, _c2001 |
||
| 300 | _a16 p. ; 23 cm. | ||
| 490 |
_aA History of Ethnic Conflict in Sri Lanka- Recollection, Reinterpretation & Reconciliation _vNo.9 |
||
| 650 | _a Muslims--Sri Lanka--Ethnic identity | ||
| 650 | _aSri Lanka--Ethnic relations. | ||
| 942 | _cBK | ||
| 999 |
_c280 _d280 |
||